000 02000nam a2200349 a 4500
001 BRCA_8260
005 20190320210212.0
008 040614s1701----it-####g##---#001-0#spa-#
041 _aspa
044 _ait
050 4 _aBX4705
_b.J8 1701
100 1 _aGuzmán, Juan de
_cFrai del Santissimo Sacramento
_d1611-1680
_920622
245 1 0 _aVida de el Venerable Siervo de Dios Vicente de Paul
_bfundador y Primero Superior General de la Congragación de la Mission
_cEscrita del mui R.P.M. Frai Juan del Santissimo Sacramento, del Orden de San Agustin, de la Provincia de Castilla, Provincial que fue de Cerdeña, Theologo, y Confesor actual del Ilustre Señor D. Frai Bernabe de Castro, Arzobispo de Brindis.
260 _aNápoles
_bBonis Impresor Arzobispal
_c1701
300 _a566 p.
_bil.
_c26 cm.
500 _aDedicado al Eminentissimo Señor Cardenal D. Luis Manuel Portocarrero, Obispo de Palestrina, Arzobispo de Toledo, Primado de las Españas, Gran Canciller de Castilla, adelantado maior de Cazorla, Protector de España, del Consejo Supremo de Estado de su Majestad, &c.
500 _aEdición con cantos dorados y grabados
500 _aIncluye tabla de los capítulos
500 _aFondo antiguo
500 _aEjemplar se encuentra en caja fuerte
500 _aT53
500 _aNota de encuadernación: en piel con ornamentos dorados
500 _aCon Ex- libris de: Franz Mayer
500 _aFiligrana en la contraportada
500 _aSe localiza una firma en la anteportada: Es libro toda, ignasia Mr de San Agustín, con licencia de mi para la comunidad pide por amor de Dios un Ave maría
500 _aEstado físico: la página 29 presenta una rotura
506 0 _aFondo reservado: para su consulta es necesario credencial de usuario y carta de motivos
600 1 4 _aPaul, Vicente de
_cVenerable Siervo de Dios
_d1581-1660
_vCongreación de la Misión
_zFrancia
_920623
650 1 4 _aÓrdenes religiosas
_vBiografías
_920624
902 _aLAR
942 _2lcc
_cB
999 _c7928
_d7928